000 01491nam a22002657a 4500
001 8239
003 FISKH
005 20251114083343.0
008 250904b cb ||||| |||| 00| 0 eng d
020 _a9780194646802
040 _aFISKH
_beng
_cFISKH
_dFISKH
082 _a428.6
100 _aSpilsbury, Louise
245 _aSunny and raniny /
_cBy Louise Spilsbury
250 _aFirst published in 2012
260 _aOxford :
_bOxford University Press ,
_c2012.
300 _a40 pages :
_bcolor illustrations ;
_c21 cm .
490 _aOxford Read and Discover
_vLevel 2
505 _aJ
520 _aThis exciting new series of non-fiction readers provides interesting and educational content, with activities and project work. The readers are graded at four levels, from 3 to 6, suitable for students from age 8 and older. They can support Content and Language Integrated Learning (CLIL), andcover a broad range of topics, within three curriculum areas:The World of Science and TechnologyThe Natural WorldThe World of Arts and Social StudiesAlso available for each reader:* Activity Book* Audio CD Pack (Reader and Audio CD)* Teacher's Notes and CLIL guidance at www.oup.com/elt/readanddiscoverThe Activity Book includes 16 pages of chapter-linked activities followed by after-reading whole book activities and a book review; focus on content, vocabulary, and grammar.
521 8 _a500
_bLexile
521 8 _aJ
_bRaz-Plus
942 _2ddc
_cBK
_n0
999 _c8239
_d8239